Novembre - Un jour, un prénom, une personnalité - Statistiques

Statistiques générales
  • Ce quiz a été pris 95 fois
  • Le résultat moyen est 10 sur 30
Statistiques - réponses
Jour Saint(e) Indice Initiale Nom % Correct
7 Karine Animatrice LM Le Marchand
91%
5 Sylvie Chanteuse V Vartan
87%
4 Charles Président DG De Gaulle
86%
12 Christian Acteur C Clavier
82%
6 Léonard Inventeur V de Vinci
78%
10 Léon Animateur Z Zitrone
59%
30 André Ministre M Malraux
54%
22 Cécile Actrice D Defrance
51%
25 Béatrice Actrice D Dalle
48%
11 Martin Cinéaste S Scorcese
42%
1 Toussaint Politicien L Louverture
41%
26 Conrad Chancelier A Adenauer
36%
15 Léopold Président S-S Sédar Senghor
36%
24 Firmine Actrice R Richard
34%
9 Théodore Peintre G Géricault
31%
23 Clément Inventeur A Ader
29%
19 Tanguy Humoriste P Pastureau
27%
18 Philippine Comédienne L-B Leroy-Beaulieu
24%
17 Elisabeth Comédienne H Huppert
19%
3 Hubert Journaliste B-M Beuve-Méry
13%
20 Octave Ecrivain M Mirbeau
11%
16 Edmond Ecrivain G Goncourt
9%
14 Sidoine Ecrivain A Apollinaire
7%
13 Brice Escrimeur G Guyart
6%
29 Saturnin Acteur F Fabre
5%
27 Virgile Rugbyman B Bruni
2%
2 Victorin Compositeur J de Joncières
2%
21 Rufus Violoniste T Thibodeaux
1%
8 Geoffroy Peintre D Dauvergne
0%
28 Sosthène Footballeur S Soglo
0%
Aucun quiz correspondant
Distribution des résultats
% des personnes avec chaque résultat
Percentile par nombre de réponses
Votre historique - résultats
Vous n’avez pas pris ce quiz